Monkey-monkey's trick / (Record no. 103766)
[ view plain ]
| 000 -LEADER | |
|---|---|
| fixed length control field | 00678nam a2200193 a 4500 |
| 005 - DATE AND TIME OF LATEST TRANSACTION | |
| control field | 20140412111307.0 |
| 008 - FIXED-LENGTH DATA ELEMENTS--GENERAL INFORMATION | |
| fixed length control field | 010426s19uu xx 00 eng d |
| 020 ## - INTERNATIONAL STANDARD BOOK NUMBER | |
| International Standard Book Number | 0-394-89173-2 |
| 050 ## - LIBRARY OF CONGRESS CALL NUMBER | |
| Classification number | TR(PS E |
| Item number | Mo74 1988 |
| 100 ## - MAIN ENTRY--PERSONAL NAME | |
| Personal name | McKissack, Patricia |
| 245 ## - TITLE STATEMENT | |
| Title | Monkey-monkey's trick / |
| Statement of responsibility, etc | by Patricia McKissack; illustrated by Paul Meisel. |
| 260 ## - PUBLICATION, DISTRIBUTION, ETC. (IMPRINT) | |
| Place of publication, distribution, etc | New York : |
| Name of publisher, distributor, etc | Random House, |
| Date of publication, distribution, etc | 1988. |
| 300 ## - PHYSICAL DESCRIPTION | |
| Extent | 48p. ; ill. |
| 440 ## - SERIES STATEMENT/ADDED ENTRY--TITLE | |
| Title | Step into reading, A step 2 book |
| 520 ## - SUMMARY, ETC. | |
| Summary, etc | A greedy hyena's mean tricks on Monkey-Monkey eventrually backfire when his victim finds out how he is being decieved. |
| 650 ## - SUBJECT ADDED ENTRY--TOPICAL TERM | |
| Topical term or geographic name as entry element | Monkeys-Fiction |
| 650 ## - SUBJECT ADDED ENTRY--TOPICAL TERM | |
| Topical term or geographic name as entry element | Hyenas-Fiction |
| Withdrawn status | Lost status | Damaged status | Home library | Current library | Shelving location | Date acquired | Source of acquisition | Total Checkouts | Full call number | Barcode | Date last seen | Price effective from | Koha item type |
|---|---|---|---|---|---|---|---|---|---|---|---|---|---|
| Elizalde Library | Elizalde Library | Teachers Reference Section | 04/26/2001 | TR(PS E Mo74 1988 | E5846 | 04/12/2014 | 04/12/2014 | Books |